Financial Management (Record no. 84942)

MARC details
000 -LEADER
fixed length control field 00736nam a22002537a 4500
003 - CONTROL NUMBER IDENTIFIER
control field URS
005 - DATE AND TIME OF LATEST TRANSACTION
control field 20250828100506.0
008 - FIXED-LENGTH DATA ELEMENTS--GENERAL INFORMATION
fixed length control field 250318b ||||| |||| 00| 0 eng d
040 ## - CATALOGING SOURCE
Transcribing agency URS
050 ## - LIBRARY OF CONGRESS CALL NUMBER
Classification number HG4026
Item number .T535 2012
100 ## - MAIN ENTRY--PERSONAL NAME
9 (RLIN) 11354
Personal name Titman, Sheridan
245 ## - TITLE STATEMENT
Title Financial Management
Remainder of title Principles and Applications
250 ## - EDITION STATEMENT
Edition statement 11th Edition
264 ## - PRODUCTION, PUBLICATION, DISTRIBUTION, MANUFACTURE, AND COPYRIGHT NOTICE
Place of production, publication, distribution, manufacture Boston
Name of producer, publisher, distributor, manufacturer Prentice Hall
Date of production, publication, distribution, manufacture, or copyright notice ©2012
300 ## - PHYSICAL DESCRIPTION
Extent 682 pages.,:
Dimensions 29 cm.
336 ## - CONTENT TYPE
Source rdacontent
Content type term text
337 ## - MEDIA TYPE
Source rdamedia
Media type term unmediated
338 ## - CARRIER TYPE
Source rdacarrier
Carrier type term volume
650 #0 - SUBJECT ADDED ENTRY--TOPICAL TERM
9 (RLIN) 10050
Topical term or geographic name entry element Business enterprises -- Finance.
650 #0 - SUBJECT ADDED ENTRY--TOPICAL TERM
9 (RLIN) 7043
Topical term or geographic name entry element Corporations -- Finance.
700 ## - ADDED ENTRY--PERSONAL NAME
9 (RLIN) 11355
Personal name Keown, Arthur J.
700 ## - ADDED ENTRY--PERSONAL NAME
9 (RLIN) 11356
Personal name Martin, John D.
942 ## - ADDED ENTRY ELEMENTS (KOHA)
Source of classification or shelving scheme Library of Congress Classification
Koha item type Reserved Books
Holdings
Withdrawn status Source of classification or shelving scheme Damaged status Not for loan Collection code Home library Current library Date acquired Total Checkouts Full call number Barcode Date last seen Copy number Price effective from Koha item type
  Library of Congress Classification     Non-fiction Morong Graduate Library Morong College Library 03/18/2025   HG4026 .T535 2012 URSMOR-GL-4990 03/18/2025 1 03/18/2025 Reserved Books
  Library of Congress Classification     Non-fiction Morong Graduate Library Morong Graduate Library 03/18/2025   HG4026 .T535 2012 URSMOR-GL-4991 03/18/2025 2 03/18/2025 Reserved Books

University of Rizal System
Email us at univlibservices@urs.edu.ph

Visit our Website www.urs.edu.ph/library